000 00729nam a22001817a 4500
005 20250425113328.0
010 _aENG-144754
020 _a9788195084289
_c500.00
035 _aEN-128286
037 _bDBAD/PUB
082 _a580
245 _aEmerging Trends In Plant Science;
_cManju Madhavan,Jayalakshmi M, Karthika S Menon and Sheeja T Tharakan
_bREVIEW PAPER PROCEEDINGS/
260 _aKerela
_bVimala College Publications
_c2021
270 _aVimala College(Autonomous),Thrissur
_bKerela
_k0487-2332080
_e680009
_mVimalacollegepublications@gmail.com
300 _a196 p.
_c25 cm(pbk)
700 _aMadhavan Manju, M Jayalakshmi, Menon S Karthika and Tharakn T Sheeja
_980855
942 _2ddc
_cEN
_h580
_mEME
999 _c211108
_d211108